[Event "Oregon-ch"]
[Site "Portland"]
[Date "2016.02.13"]
[Round "6"]
[White "Pendergast, Michael J"]
[Black "Gatica, Jose M"]
[Result "1-0"]
[WhiteElo "2148"]
[BlackElo "1990"]
[PlyCount "97"]
[EventDate "2016.02.06"]
[EventType "tourn"]
[EventRounds "9"]
[EventCountry "USA"]
[SourceTitle "EXT 2018"]
[Source "ChessBase"]
[SourceDate "2017.10.13"]
[SourceVersion "1"]
[SourceVersionDate "2017.10.13"]
[SourceQuality "1"]

1. d4 Nf6 2. Bg5 c5 3. d5 Ne4 4. Bf4 d6 5. f3 Nf6 6. Nc3 g6 7. e4 Bg7 8. Bb5+ Bd7 9. a4 0-0 10. Nge2 a6 11. Bc4 Qc7 12. Qd2 b6 13. 0-0 Ra7 14. Ng3 Rb7 15. Qe2 b5 16. axb5 axb5 17. Bxb5 Bxb5 18. Nxb5 Qb6 19. c4 Nfd7 20. Ra3 Na6 21. Bd2 Nb4 22. Bc3 Ne5 23. b3 Nd7 24. Bxg7 Kxg7 25. Rfa1 Rfb8 26. f4 Nf6 27. Ra5 Qd8 28. e5 Ne8 29. Ne4 f6 30. Nec3 Kg8 31. h3 f5 32. Kh2 Ng7 33. R5a4 Qf8 34. Ra5 Qd8 35. Kh1 Nh5 36. Qf3 Nc2 37. R1a2 Nb4 38. R2a4 Qf8 39. Kh2 Qd8 40. g3 Qf8 41. Qe2 Kh8 42. Ra1 Qd8 43. R5a4 Qf8 44. Ra7 Qd8 45. exd6 exd6 46. Qe6 Nc2 47. Nxd6 Nxa1 48. Nxb7 Qc7 49. Nb5 1-0

[Event "Stillwater Winter op"]
[Site "Stillwater"]
[Date "2007.02.18"]
[Round "3"]
[White "Batchimeg, Tuvshintugs"]
[Black "Gatica, Jose M"]
[Result "1-0"]
[WhiteElo "2227"]
[BlackElo "1836"]
[PlyCount "51"]
[EventDate "2007.02.17"]
[EventType "swiss"]
[EventRounds "7"]
[EventCountry "USA"]
[SourceTitle "CBM 116 Extra"]
[Source "ChessBase"]
[SourceDate "2007.03.07"]
[SourceVersion "1"]
[SourceVersionDate "2007.03.07"]
[SourceQuality "1"]

1. e4 c5 2. Nf3 d6 3. d4 cxd4 4. Nxd4 Nf6 5. Nc3 a6 6. Be2 e5 7. Nb3 Be6 8. 0-0 Be7 9. f4 Qc7 10. Be3 Nbd7 11. a4 Nb6 12. f5 Bc4 13. a5 Bxe2 14. Qxe2 Nc4 15. Bg5 Nxb2 16. Bxf6 Qxc3 17. Bxg7 Rg8 18. f6 Bf8 19. Bxf8 Rxf8 20. Rf3 Qc6 21. c4 Na4 22. Rd1 Nc5 23. Rd5 Ne6 24. c5 0-0-0 25. cxd6 Rxd6 26. Qd2 1-0